000 00545nam a2200205Ia 4500
003 GCL
008 140319s9999 xx 000 0 eng d
040 _aGCL /
_cGCL
082 0 4 _a428
_bN G
100 1 _aNARMAN, SUSAN
245 1 0 _aGOING TO WORK IN ENGLISH: THE ENGLISH YOU NEED FOR GETTING A JOB /
_cNARMAN, SUSAN
700 1 _aFARAM,CHRIS
260 _a[S.N] :
_bAL SHOROUK ،
_c1982
300 _a129 P
650 0 4 _aENGLISH LANGUAGE
650 0 4 _aLANGUAGES
650 0 4 _aENGLISH - WRITING
650 0 4 _aSPELLING
942 _2ddc
_cBK
999 _c15639
_d15639